| 000 | 00613nam a2200229Ia 4500 | ||
|---|---|---|---|
| 003 | OSt | ||
| 005 | 20220924132205.0 | ||
| 006 | a|||||r|||| 00| 0 | ||
| 007 | ta | ||
| 008 | 220923b |||||||| |||| 00| 0 hin d | ||
| 024 | _a34357 | ||
| 037 | _cTextual | ||
| 040 |
_aARTS _cARTS _bhin |
||
| 041 |
_2hin _ahin |
||
| 082 | _aO15,2FOO,1, 152J6 | ||
| 100 |
_aJaidev _9203916 |
||
| 245 | 0 | _aPrasangaghavam Chandrakala Sanskrit Hindi comm by Shesh Ram Sarma | |
| 260 | _c1956 | ||
| 650 | _aSANSKRIT LITERATURE | ||
| 942 |
_hO15,2FOO,1, 152J6 _cTEXL _2CC |
||
| 999 |
_c429556 _d429556 |
||